000 00377 a2200145 4500
245 _aMikhail Lermontov
_b : Selected works
_hText
100 _aLermontov, Mikhail I͡Urʹevich
700 _aPyman, Avril
700 _aZheleznova, Irina
700 _aNarovchatov, S
650 _aPOETRY
650 _aENGLISH LITERATURE
005 20191017172448.0
260 _aRussia
_bProgress
_c1976
084 _aNONE
999 _c8920
_d8920